| 000 | 00391nam a2200169Ia 4500 | ||
|---|---|---|---|
| 005 | 20250603144809.0 | ||
| 008 | 250603s9999 xx 000 0 und d | ||
| 020 | _a818926107X | ||
| 050 | _aTK 7804 .S56/ | ||
| 100 | _aKumar, Satendra | ||
| 245 | 0 | _aDictionary of electronics | |
| 260 | _aNew Delhi | ||
| 260 | _bKS Paperback | ||
| 300 | _a150 p | ||
| 650 | _aNew Delhi | ||
| 942 | _cBK | ||
| 999 |
_c39980 _d39980 |
||